000 00909nam a2200253Ia 4500
003 OSt
005 20220923230529.0
006 a|||||r|||| 00| 0
007 ta
008 220922b |||||||| |||| 00| 0 san d
024 _a282,868
037 _cTextual
040 _aARTS
_cARTS
_bsan
041 _2san
_asan
082 _aO15,2D40,1, 152K1;K9
100 _aकालिदास; गुप्त, परमानन्द, संपा.
_9169038
245 0 _aअभिज्ञानशाकुन्तलम्
246 _aAbhijnyānashākuntalam
260 _aदिल्ली
_b सरस्वती हाउस
_c1969
300 _a352पृ0
_ccm.
650 _aसंस्कृत साहित्य
942 _hO15,2D40,1, 152K1;K9
_cTEXL
_2CC
999 _c385489
_d385489